Historia crítica del teatro ecuatoriano (Tomo sexto)

שמור ב:
מידע ביבליוגרפי
מחבר ראשי: Descalzi, Ricardo
פורמט: ספר
שפה:Spanish
יצא לאור: Quito, Ecuador Editorial Casa de la Cultura Ecuatoriana 1968
נושאים:
תגים: הוספת תג
אין תגיות, היה/י הראשונ/ה לתייג את הרשומה!

MARC

LEADER 00000nam a2200000Ia 4500
008 170316s9999 xx 000 0 spa d
040 |a cru BVZT 
090 |a H-860 D-1h v.6 
100 |a Descalzi, Ricardo 
245 |a Historia crítica del teatro ecuatoriano (Tomo sexto)  |c Ricardo Descalzi 
260 |a Quito, Ecuador 
260 |b Editorial Casa de la Cultura Ecuatoriana 
260 |c 1968 
300 |a 1745 a 2127 páginas 
650 |a LITERATURA LATINOAMERICANA  |9 15 
650 |a HISTORIA DEL TEATRO ECUATORIANO 
650 |a CRÍTICA DEL TEATRO ECUATORIANO 
999 |c 13641  |d 13641 
942 |c LIB  |h H-860 D-1h v.6  |2 z